Đang tải...
ചൈനീസ് മാർക്കറ്റ്
| Tác giả chính: | |
|---|---|
| Tác giả khác: | |
| Định dạng: | Printed Book |
| Được phát hành: |
Kannur:
Kairali books,
2018,
|
| Những chủ đề: |
| LEADER | 00576nam a22001577a 4500 | ||
|---|---|---|---|
| 020 | |a 9789388087025 | ||
| 082 | |a 894.812301 |b SUR-C | ||
| 100 | |a സുരേന്ദ്രൻ പി | ||
| 245 | |a ചൈനീസ് മാർക്കറ്റ് | ||
| 260 | |a Kannur: |b Kairali books, |c 2018, | ||
| 300 | |a 109p. | ||
| 650 | |a Chaineese Market | ||
| 700 | |a Surendran P | ||
| 942 | |c BK | ||
| 999 | |c 55081 |d 55081 | ||
| 952 | |0 0 |1 0 |4 0 |6 894_812301000000000_SURC |7 0 |9 69344 |a KU |b KU |c GEN |d 2019-07-10 |e PICO.A2/5736/2013 dtd 02/05/2018 |g 120.00 |l 0 |o 894.812301 SUR-C |p CL03499 |r 2019-07-10 |w 2019-07-10 |y BK | ||